000 01463nam0a2200325 4500
001 RU\NLR\BIBL_A\022676250
005 20260420060818.0
010 _a978-5-6054223-5-8
021 _aRU
_bКН-П-25-063235
_9КН-П-25-6121
035 _a(NLR Aleph) 022676250
090 _a13686437
_c13686437
100 _a20251201d2025 u y0rusy50 ca
101 0 _arus
102 _aRU
105 _aa j 000yy
181 0 _ai
_baxxe
182 0 _an
200 1 _aКонструирование электроприводов промышленных механизмов
_eучебное пособие
_fЛимонов Л. Г., Дремов С. А.
203 _aТекст
_bвизуальный
_cнепосредственный
210 _a[Б. м.
_cб. и.]
_d2025
215 _a146 с.
_cил.
_d22
320 _aБиблиогр.: с. 142–146 (34 назв.)
606 1 _aПромышленное оборудование
_jУчебные издания для высших учебных заведений
_xАвтоматизированные электрические приводы
_xПроектирование
_92696236
_3RU\NLR\AUTH\6601766069
686 1 _aЗ291.077-02я73-1
700 1 _aЛимонов
_bЛ. Г.
_f1936-
_gЛеонид Григорьевич
701 1 _aДремов
_bС. А.
942 _cBOOK
980 _aNB